| 000 | 00810cam a2200193 4500 | ||
|---|---|---|---|
| 001 | ABS62287 | ||
| 008 | 000000n2000 000 0 eng u | ||
| 035 | _a(Sirsi) u106120 | ||
| 245 | _aSelf-compacting concrete proves its potential on first large scale use in UK | ||
| 260 | _c2000 | ||
| 490 |
_aBuilding Engineer _v75(5) May 2000, 30-31(2) |
||
| 520 | _aDescribes the first large scale commercial use of self-compacting concrete in the UK for a regional shopping centre at Milton Keynes. It has brought significant construction time and cost savings as well as an improved on-site working environment and performance. | ||
| 590 | _aABS | ||
| 650 | _aSELF-COMPACTING CONCRETE | ||
| 650 | _aSHOPPING CENTRE | ||
| 650 | _aCOST REDUCTION | ||
| 690 | _aBUILT ENVIRONMENT-BUILDING MATERIALS | ||
| 942 | _n0 | ||
| 999 |
_c63576 _d63576 |
||